| 000 | 01131nam a22002657a 4500 | ||
|---|---|---|---|
| 005 | 20170124103149.0 | ||
| 010 | _aB-175225 | ||
| 020 | _c00.00 | ||
| 035 | _aB-175225 | ||
| 037 | _bCen Lib/Ret | ||
| 040 |
_aDPL _bHN |
||
| 082 |
_a920 _bमिश्रभ |
||
| 100 |
_aमिश्र, भगवतीशरण _987295 |
||
| 245 |
_aभारत के राष्ट्रपति / _cभगवतीशरण मिश्र |
||
| 246 |
_aBharat ke rashtrapati ./ _bby Bhagvatisharan Mishra |
||
| 260 |
_aदिल्ली _bराजपाल एंड संस |
||
| 270 |
_aकश्मीरी गेट _bदिल्ली _e110006 |
||
| 300 |
_a163पृ. _c21सेमी (सजिल्द) |
||
| 500 | _aसन्दर्भ सूची शामिल | ||
| 650 |
_aराष्ट्रपति--जीवनी--भारत _982482 |
||
| 650 |
_aराजनेता--जीवनी--भारत _987296 |
||
| 650 |
_aPresident--Biography--India _987297 |
||
| 650 |
_aPolitical leaders--Biography--India _987298 |
||
| 942 |
_2ddc _cHN _h920 _mमिश्रभ |
||
| 999 |
_c119873 _d119873 |
||